000 00683nam a2200241Ia 4500
003 OSt
005 20220923213201.0
006 a|||||r|||| 00| 0
007 ta
008 220922b |||||||| |||| 00| 0 hin d
024 _a159,611
037 _cTextual
040 _aARTS
_cARTS
_bhin
041 _2hin
_ahin
082 _aO152,1:g, K9
100 _aशुक्ल, रामबहोरी
245 0 _aकाव्य-प्रदीप
246 _aKāvya-pradīpa
250 _aसंस्क0 16, संशोघित
260 _c1969
942 _hO152,1:g, K9
_cTEXL
_2CC
999 _c314358
_d314358